Gaming Quiz

Random Gaming or Nintendo Quiz

The Big Board: Video Games Quiz Stats

 Plays Quiz Updated Feb 8, 2018

Score 0/36 Timer 06:00
2 Plays Today
Hint Answer % Correct
Name these characters from various Wii games.
100%
Provide the missing word in each Zelda game title.
99.7%
Identify the game console pictured in each row.
99.7%
Name the NES game in which you'd find these bosses.
99.7%
Given three characters, name the fighting game or series.
99.7%
Name these athletes who appear in video game form.
99.7%
The Joker
94.3%
Microsoft Xbox
92.1%
Sony Playstation 3
90.6%
Bowser
87.8%
Tiger Woods
86.8%
Lara Croft
86.1%
The Rock
84.9%
Nintendo 64
79%
Past
74.8%
Mortal Kombat
74.3%
Street Fighter
73.7%
Tails
72.6%
Hint Answer % Correct
Ocarina
70.3%
Teenage Mutant Ninja Turtles
67.2%
Kobe Bryant
67.2%
Mask
64.6%
Super Smash Bros.
64.4%
Mega Man 2
63.8%
Wild
63.7%
Lionel Messi
62.8%
Sega Genesis
62.3%
Peyton Manning
60.3%
Castlevania
50.2%
Tekken
42.9%
Atari 2600
35.1%
Metroid
32.6%
Oracle
27.8%
King Hippo
25.4%
Double Dragon
23.1%
Dead or Alive
16.2%

You're not logged in!

Compare scores with friends on all Sporcle quizzes.
OR
Log In

Sporcle TV

Today on Sporcle TV


Watch our educational content, quiz creation guides, and fun videos on Sporcle TV.

Show Comments

Extras

Top Quizzes Today


Score Distribution

Your Account Isn't Verified!

In order to create a playlist on Sporcle, you need to verify the email address you used during registration. Go to your Sporcle Settings to finish the process.

Report this User

Report this user for behavior that violates our Community Guidelines.

Details: